| 000 | 00390nam a2200169Ia 4500 | ||
|---|---|---|---|
| 008 | 180921t1990 xxu||||| |||| 00| 0 eng d | ||
| 041 | _aeng | ||
| 080 |
_a5 _bLIF |
||
| 100 | _aCarrington, Richard | ||
| 245 | 4 | _aThe mammals | |
| 260 |
_bHonkong _c1990 |
||
| 300 | _a192p., ill., 28 cm | ||
| 650 | _aMammals | ||
| 942 | _cBK | ||
| 999 |
_c17770 _d17770 |
||
| 003 | LK-CoDNM | ||
| 040 |
_aLK-CoDNM _dLK-CoDNM _eLK-CoDNM |
||